Statistics for Countries With The Heaviest Men By Contient

Click here to take the quiz!

General Stats

  • This quiz has been taken 16 times
  • The average score is 18 of 30

Answer Stats

KGCountry% Correct
90.6United States
92%
86.7Argentina
77%
85.3Brazil
77%
85.8Chile
77%
88.2Egypt
77%
98.3Nauru
77%
84.4Uruguay
77%
85.1Algeria
69%
90.9Bahamas
69%
83.0Venezuela
69%
92.3Dominica
62%
84.9Morocco
62%
89.2Palau
62%
88.1Qatar
62%
93.6Saint Lucia
62%
97.9Samoa
62%
87.3Saudi Arabia
62%
99.5Tonga
62%
87.6Tunisia
62%
87.9Turkey
62%
91.6Czech Republic
54%
88.5Kuwait
54%
87.1Libya
54%
89.0Tuvalu
54%
91.1Croatia
46%
89.8Grenada
46%
90.9Estonia
38%
90.2Lithuania
38%
92.7Montenegro
38%
89.3Lebanon
31%

Score Distribution

Percentile by Number Answered

Percent of People with Each Score

Your Score History

You have not taken this quiz